书目信息 |
| 题名: |
人际交往的艺术
|
|
| 作者: | 沐阳 著 | |
| 分册: | ||
| 出版信息: | 北京 中国纺织出版社 2016 |
|
| 页数: | 340页 | |
| 开本: | 24cm | |
| 丛书名: | ||
| 单 册: | ||
| 中图分类: | C912.1-49 | |
| 科图分类: | ||
| 主题词: | 心理交往--通俗读物 | |
| 电子资源: | ||
| ISBN: | 978-7-5180-2545-9 | |
| 000 | 00847nam0 2200229 450 | |
| 001 | 1508 | |
| 005 | 20180522124922.97 | |
| 010 | @a978-7-5180-2545-9@dCNY39.80 | |
| 100 | @a20160826d2016 em y0chiy50 ea | |
| 101 | 0 | @achi |
| 102 | @aCN@b110000 | |
| 105 | @ay z 000yy | |
| 200 | 1 | @a人际交往的艺术@9ren ji jiao wang de yi shu@e打动人心的338个社交技巧@e畅销珍藏版@f沐阳著 |
| 210 | @a北京@c中国纺织出版社@d2016 | |
| 215 | @a340页@d24cm | |
| 330 | @a本书集合了全球成功人士都在运用的人际交往法则,告诉你在日常生活、工作中与人交往的原则,让你拥有良好的交往心态,经营好人际关系,进而获得成功与幸福的人生。 | |
| 517 | 1 | @a打动人心的338个社交技巧@9da dong ren xin de 338 ge she jiao ji qiao |
| 606 | 0 | @a心理交往@j通俗读物 |
| 690 | @aC912.1-49@v5 | |
| 701 | 0 | @a沐阳@9mu yang@4著 |
| 801 | 0 | @aCN@b91MARC@c20160826 |
| 905 | @aMuseLib@dC912.1-49@e1320 | |
| 人际交往的艺术:打动人心的338个社交技巧:畅销珍藏版/沐阳著.-北京:中国纺织出版社,2016 |
| 340页;24cm |
| ISBN 978-7-5180-2545-9:CNY39.80 |
| 本书集合了全球成功人士都在运用的人际交往法则,告诉你在日常生活、工作中与人交往的原则,让你拥有良好的交往心态,经营好人际关系,进而获得成功与幸福的人生。 |
| ● |
| 相关链接 |
|
|
|
|
正题名:人际交往的艺术
索取号:C912.1-49/1320
 
预约/预借
| 序号 | 登录号 | 条形码 | 馆藏地/架位号 | 状态 | 备注 |
| 1 | 1104930 | 211049300 | 第一样本阅览室/ [索取号:C912.1-49/1320] | 在馆 | |
| 2 | 1104931 | 211049319 | 教育系资料室/ [索取号:C912.1-49/1320] | 在馆 | |
| 3 | 1104932 | 211049328 | 教育系资料室/ [索取号:C912.1-49/1320] | 在馆 | |
| 4 | 1104933 | 211049337 | 教育系资料室/ [索取号:C912.1-49/1320] | 在馆 | |
| 5 | 1104934 | 211049346 | 第一借阅区/ [索取号:C912.1-49/1320] | 在馆 | |
| 6 | 1104935 | 211049355 | 第一借阅区/ [索取号:C912.1-49/1320] | 在馆 |